Harry Potter Main Characters Quiz - Statistics

General Stats
  • This quiz has been taken 120 times
  • The average score is 14 of 15
Answer Stats
Hint Answer % Correct
potter harry
100%
weasley ron
100%
riddle tom
98%
dumbledore albus
97%
granger hermione
97%
hagrid rubeus
94%
black sirius
94%
lovegood luna
93%
mcgonogall minerva
93%
longbottom neville
92%
lestrange bellatrix
91%
lupin remus
89%
finnigan seamus
89%
thomas dean
86%
umbridge dolores
81%
No matching quizzes found
Score Distribution
Percent of People with Each Score
Percentile by Number Answered
Your Score History
You have not taken this quiz